| 000 | 00377nam a2200169Ia 4500 | ||
|---|---|---|---|
| 005 | 20250430015425.0 | ||
| 008 | 240331s9999 xx 000 0 und d | ||
| 020 | _a9555731713 | ||
| 082 |
_bRAH _a891 |
||
| 100 | _aRahubadha,S | ||
| 245 | 0 | _aUdanaya | |
| 250 | _a2nd | ||
| 260 |
_aNugegoda _bSarasavi Books _c2001 |
||
| 300 | _a155 p ., | ||
| 650 | _aShort Story | ||
| 942 | _cL | ||
| 999 |
_c5218 _d5218 |
||